LEADER 01476nam a2200241 i 4500 001 000000065781 003 CaOOAMICUS 005 20131128000000.0 008 131128s1968 xx u000 u ger u 013 $a36953 040 $aSeMil$bita 100 1 $aSchmitz-Valckenberg, Georg.$0(OLS)http://semarc/name/33066 245 10$aVerzeichnis der Handschriften-Mikrofilme des Grabmann-Institutes der Universität München /$cGeorg Schmitz-Valckenberg. 260 $aMünchen ; Paderborn ; Wien :$bFerdinand Schöningh,$c1968. 300 $a23 p. ;$c24 cm. 490 0 $aVeröffentlichungen des Grabmann-Institutes zur Erforschung der mittelalterlichen Theologie und Philosophie. Neue Folge ;$v7 490 0 $aMünchener Universitätsschriften : Philosophische Fakultät Altertumskunde und Kulturwissenschaften 830 0$aVeröffentlichungen des Grabmann-Institutes zur Erforschung der mittelalterlichen Theologie und Philosophie. Neue Folge ;$v7.$0(OLS)http://semarc/title/192 830 0$aMünchener Universitätsschriften : Philosophische Fakultät Altertumskunde und Kulturwissenschaften.$0(OLS)http://semarc/title/11289 850 $aSeMil 852 $aSeMil$W1$xVenegono$y1$m2N I 257$j31934$B31934$CSeMilBibl$Z2$F31937 $81 996 $6245$aVerzeichnis der Handschriften-Mikrofilme des Grabmann-Institutes der Universität München$9(OLS)http://semarc/title/104469 996 $6260$aMünchen ; Paderborn ; Wien :$bFerdinand Schöningh$9(OLS)http://semarc/publisher/34975 LEADER 01333nam a2200301 i 4500 001 000000191545 003 CaOOAMICUS 005 20220303142344.0 008 170828s2004 xxu u000 u eng u 013 $a170101 020 $a0-385-51160-4 020 $a0-300-13965-5 040 $aSeMil$bita 245 00$aJeremiah 37-52 :$ba new translation with introduction and commentary /$cJack R. Lundbom. 264 1$aNew York [etc.] :$bDoubleday,$c2004. 300 $axiv, 624 p. :$bill. ;$c24 cm. 490 1 $aThe Anchor Bible ;$v21.C 650 4$aBibbia. Antico Testamento. Geremia - Commentari, studi, critica, interpretazioni.$0(OLS)http://semarc/subject/29 700 1 $aLundbom, Jack R.$0(OLS)http://semarc/name/53844 830 4$aThe Anchor Bible ;$v21.C.$0(OLS)http://semarc/title/472 850 $aSeMil 852 $aSeMil$W1$xVenegono$y1$mSL1.R II 21C$j142159$B142159$CSeMilBibl$Z2$F153699 $8I 961 $aSottoscrizione: DEA 996 $6020$a0-385-51160-4$9(OLS)http://semarc/number/182657 996 $6020$a0-300-13965-5$9(OLS)http://semarc/number/182658 996 $6245$aJeremiah 37-52 :$ba new translation with introduction and commentary$9(OLS)http://semarc/title/276013 996 $6264$aNew York [etc.] :$bDoubleday$9(OLS)http://semarc/publisher/31192